000 00931nam a2200277Ia 4500
003 OSt
005 20221005062111.0
006 a|||||r|||| 00| 0
007 ta
008 221004b |||||||| |||| 00| 0 eng d
020 _a9781138899506
_cUKP 175.00
024 _a34713
037 _b1385, 24/08/2017, Bright Book Service
_cTextual
040 _aCRL
_cCRL
_beng
041 _2eng
_aeng
082 _aX425:5.5g, Q7
100 _aBlockmans Wim Ed.
245 0 _aRoutledge handbook of maritime trade around Europe 1300-1600
260 _aLondon
_bRoutledge UK
_c2017
300 _axx,502p.
_ccm.
650 _aCOMMERCE - EUROPE
_9601442
700 _a Krom Mikhail Ed.
_9460508
700 _a Wubs-Mrozewicz Justyna Ed.
_9460509
942 _hX425:5.5g, Q7
_cTEXL
_2cc
999 _c969189
_d969189